The language arts, the child, and the teacher.

Bibliographic Details
Main Author: Baker, Zelma W.
Format: Book
Language:English
Published: San Francisco : Fearon Publishers, [1955]
Subjects:

MARC

Tag First Indicator Second Indicator Subfields
LEADER 00000cam a2200000 4500
001 in00000083720
005 20151008053141.0
008 750812s1955 cau 00000 eng u
010 |a  55012005  
035 |a (OCoLC)01540589 
035 |9 AAH6422AM 
040 |c WRM  |d TXA  |d UtOrBLW 
049 |a TXAM  |c [263706] 
050 0 0 |a LB1576  |b .B255 
082 0 |a 372.4 
092 |a 372.4  |b B168 
100 1 |a Baker, Zelma W. 
245 1 4 |a The language arts, the child, and the teacher. 
264 1 |a San Francisco :  |b Fearon Publishers,  |c [1955] 
300 |a 264 pages ;  |c 24 cm. 
336 |a text  |b txt  |2 rdacontent 
337 |a unmediated  |b n  |2 rdamedia 
338 |a volume  |b nc  |2 rdacarrier 
650 0 |a English language  |x Study and teaching (Elementary) 
999 |a MARS 
999 f f |s 16c2573c-d69c-3927-8c3c-1aa40300728c  |i e9e9b03b-0f2d-3968-8f7b-679b54d02daf  |t 0 
952 f f |p normal  |a Texas A&M University  |b College Station  |c Sterling C. Evans Library  |d Evans: Library Stacks  |t 0  |e LB1576 .B255  |h Library of Congress classification  |i unmediated -- volume  |m A14800850591 
998 f f |a LB1576 .B255  |t 0  |l Evans: Library Stacks